| 000 | 00490nam a22001937a 4500 | ||
|---|---|---|---|
| 003 | MPLRDC | ||
| 005 | 20220104190218.0 | ||
| 008 | 210129b ||||| |||| 00| 0 eng d | ||
| 020 | _a978-7-5386-3142-5 | ||
| 082 | _a528.47 BXTX v.1 | ||
| 100 | _a崔钟雷 主编 | ||
| 245 |
_a温顺动物探秘 _c |
||
| 250 | _a一版一刷 | ||
| 260 |
_a中国 _b吉林美术出版社 _c2008 |
||
| 300 | _b平 | ||
| 490 | _a博学天下 | ||
| 650 | _a青少年教育 | ||
| 942 |
_cBK _o528.47 BXTX v.1 |
||
| 999 |
_c63678 _d63668 |
||